Top 25 Najpopularniejsi Raperzy - Statystyki

Ogólne statystyki
  • Ten quiz został rozwiązany 17 razy
  • Średni wynik to 12 z 25
Statystyki odpowiedzi
Debut Peak Odpowiedź % Poprawnych
2009 2016 Drake
94%
1996 2002 Eminem
81%
2010 2017 Kendrick Lamar
81%
2014 2018 Travis Scott
75%
2016 2019 21 Savage
63%
2012 2017 Future
63%
2004 2007 Kanye West
56%
2015 2019 Young Thug
56%
2018 2018 Juice WRLD
50%
2015 2017 Lil Uzi Vert
50%
2017 2020 Playboi Carti
50%
2017 2018 XXXTENTACION
50%
2016 2022 Gunna
44%
2009 2014 J. Cole
44%
2017 2020 Lil Baby
44%
2011 2015 A$AP Rocky
38%
1996 2003 JAY-Z
38%
1999 2008 Lil Wayne
38%
2011 2019 Tyler, The Creator
31%
2010 2014 Nicki Minaj
25%
2016 2018 Cardi B
19%
2018 2021 Doja Cat
19%
2013 2023 Metro Boomin
19%
2015 2024 Ty Dolla $ign
19%
2006 2011 Wiz Khalifa
13%
Nie znaleziono quizów pasujących do podanych kryteriów
Rozkład punktacji
Procent ludzi z każdym wynikiem
Percentyl według liczby udzielonych odpowiedzi
Twoja historia wyników
Nie rozwiązałeś tego quizu